| 000 | 00281 a2200085 4500 | ||
|---|---|---|---|
| 100 | 1 |
_aKononovic, L.M.. _eAutor |
|
| 245 | 0 |
_aSovremennyj radiovescatel'nyj priemnik / _cKononovic L.M.. |
|
| 710 | 2 |
_aRadio i Svjaz'. _eWydawca _4pbl |
|
| 260 |
_aMoskva : _bRadio i Svjaz', _c1986. |
||
| 300 |
_a144 s.: _bil.; _c21 cm. |
||
| 999 |
_c8553 _d8553 |
||